Top 15 Countries in Wine Production and Wine Consumption - Statistics

General Stats
  • This quiz has been taken 54 times
    50 since last reset
  • The average score is 25 of 30
Answer Stats
# Country thousands of hectoliters % Correct
2 France 42,200
100%
2 France 24,700
100%
4 United States of America 22,800
98%
1 United States of America 33,000
98%
1 Italy 49,100
96%
3 Italy 24,500
96%
8 Spain 9,600
96%
3 Spain 40,700
93%
9 Germany 8,400
91%
4 Germany 19,800
91%
5 Argentina 10,800
89%
9 Argentina 9,400
89%
10 China 6,600
89%
6 China 12,400
89%
12 Russia 4,400
89%
7 Russia 10,300
89%
11 Portugal 6,400
85%
11 Portugal 4,600
85%
8 Chile 10,300
83%
5 United Kingdom 13,300
83%
6 Australia 10,600
80%
10 Australia 5,700
80%
12 Canada 4,400
80%
13 Brazil 4,300
78%
7 South Africa 10,400
70%
14 New Zealand 3,300
61%
15 Hungary 2,400
57%
13 Romania 3,600
54%
14 Romania 3,800
54%
15 Netherlands 3,500
48%
No matching quizzes found
Score Distribution
Percent of People with Each Score
Percentile by Number Answered
Your Score History
You have not taken this quiz since the last reset